Česko-francouzsky a francouzsko-český slovník na cesty /

Salvato in:
Dettagli Bibliografici
Autore principale: Čapková, Věra (Autore)
Natura: Libro
Lingua:multilingua
Pubblicazione: Praha : Státní pedagogické nakladatelství, 1990
Edizione:2.vyd.
Soggetti:
Tags: Aggiungi Tag
Nessun Tag, puoi essere il primo ad aggiungerne!!

MARC

LEADER 00000nam a22000003a 4500
001 stu35261
005 20150617225730.7
008 920413s1990----cs------------------mul-d
040 |a STU  |b slo 
041 0 |a mul 
044 |a cs 
080 |a 801.323.2=850=40-850 
100 1 |a Čapková, Věra  |4 aut 
245 1 |a Česko-francouzsky a francouzsko-český slovník na cesty /  |c [aut.]Věra Čapková 
250 |a 2.vyd. 
260 |a Praha :  |b Státní pedagogické nakladatelství,  |c 1990 
300 |a 448 s 
650 7 |a Slovníky česko-francúzske a francúzsko-české  |2 stusub 
996 |b 284M017198  |c M*7662-2  |l MMKN  |s A  |a 24  |w stu35261_0001 
996 |b 284M017199  |c M*7662-1  |l MMKN  |s A  |a 24  |w stu35261_0002 
996 |b 284M067549  |c M*7662-3  |l MMKN  |s A  |a 24  |w stu35261_0003